Statistics for Name a Valid Country #2

Click here to take the quiz!

General Stats

  • This quiz has been taken 26 times
  • The average score is 10 of 15

Answer Stats

HintValid countriesAnswers% Correct
Name one of the two countries on the European continent (meters below sea level)2Denmark / Netherlands
91%
Name one of three countries with most UNESCO World Heritage Sites3Italy / China / Germany
91%
Name one of the four African countries that participated most in the Soccer World Cup4Cameroon / Morocco / Nigeria / Tunisia
83%
Name one of the two countries that share one of the UNESCO World Heritage Site - Stone Circles of Senegambia2Senegal / Gambia
78%
Name one of the two lowest countries in the world (meters below sea level)2Israel / Jordan
70%
Name one of the three host countries for the 2026 Soccer World Cup3Canada / Mexico / United States
65%
Name one of the four lowest countries on the African continent (meters below sea level)4Djibouti / Egypt / Eritrea / Ethiopia
65%
Name one of the two countries that share one of the UNESCO World Heritage Site - Maloti-Drakensberg Park2South Africa / Lesotho
65%
Name one of the three countries with a population of around 38 million3Poland / Canada / Afghanistan
61%
Name one of the African countries that played only once at the Soccer World Cup3Togo / Angola / Democratic Republic of the Congo
57%
Name one of the three countries with the worst access to clean water3Eritrea / Papua New Guinea / Uganda
52%
Name one of the three countries that participated most in the Soccer World Cup but never won it3Mexico / Belgium / Serbia
52%
Name one of the three countries whose area is closest to that of Lake Baikal.3Armenia / Lesotho / Belgium
48%
Name one of the three countries with the strongest currency3Kuwait / Bahrain / Oman
43%
Name one of the two countries with a similar amount of fresh water to the European Union2Indonesia / Colombia
39%

Score Distribution

Percentile by Number Answered

Percent of People with Each Score

Your Score History

You have not taken this quiz